Missing Word: Last Song on the Album Quiz Stats

Quiz Updated Feb 23, 2016

Challenge
Share
Tweet
Embed
Score 0/12 Timer 03:00
0 Plays Today
Song Missing Word % Correct
You Can't Always _____ What You WantGet
97.6%
_____ RainPurple
92.2%
Someone _____ YouLike
85.6%
_____ BirdFree
83.8%
Won't Get _____ AgainFooled
75.5%
Get _____Back
73.9%
Redemption _____Song
56.1%
When the _____ BreaksLevee
48.9%
_____ in VainTrain
29.9%
Desolation _____Row
23.5%
_____ in DreamsOnly
20.7%
Rock 'n' Roll _____Suicide
17.2%

Today's Daily Dose

You're not logged in!

Compare scores with friends on all Sporcle quizzes.
Sign Up with Email
OR
Log In

You Might Also Like...

Show Comments

Extras

Top Quizzes Today


Score Distribution

Your Account Isn't Verified!

In order to create a playlist on Sporcle, you need to verify the email address you used during registration. Go to your Sporcle Settings to finish the process.